Informácie v riadení národnej ekonomiky kľúč k dynamike rozvoja

Saved in:
Bibliographic Details
Main Author: Arbet, Milan
Other Authors: Grell, Michal, Žiak, Milan
Format: Book Chapter
Language:Slovak
Tags: Add Tag
No Tags, Be the first to tag this record!

MARC

LEADER 00000naa$a2200000$$$4500
001 0116664
005 20240502072312.0
041 0 |a slo 
044 |a SK 
245 1 0 |a Informácie v riadení národnej ekonomiky  |b kľúč k dynamike rozvoja  |c Milan Arbet, Michal Grell, Milan Žiak 
100 1 |a Arbet, Milan 
700 1 |a Grell, Michal 
700 1 |a Žiak, Milan